STORIES IDENTITIES AND POLITICAL CHANGE (Record no. 23622)

MARC details
000 -LEADER
fixed length control field 00351nam a2200133Ia 4500
008 - FIXED-LENGTH DATA ELEMENTS--GENERAL INFORMATION
fixed length control field 240624s9999 xx 000 0 und d
041 ## - LANGUAGE CODE
Language code of text/sound track or separate title eng
082 ## - DEWEY DECIMAL CLASSIFICATION NUMBER
Classification number 303 TIL
100 ## - MAIN ENTRY--PERSONAL NAME
Personal name TILLY CHARLES
245 ## - TITLE STATEMENT
Title STORIES IDENTITIES AND POLITICAL CHANGE
260 ## - PUBLICATION, DISTRIBUTION, ETC.
Date of publication, distribution, etc. 2002
Place of publication, distribution, etc. New York
Name of publisher, distributor, etc. Rowman & Littlefield Publishers
300 ## - PHYSICAL DESCRIPTION
Extent 288 : p.
365 ## - TRADE PRICE
Currency code GBP
Price amount 25
Holdings
Withdrawn status Lost status Damaged status Not for loan Home library Current library Shelving location Date acquired Source of acquisition Cost, normal purchase price Full call number Barcode Date last seen Copy number Price effective from Koha item type
        IMTN IMTN Rack 6-B 11/03/2014 IBH 24.95 303 TIL 23622 06/24/2024 105.1 06/24/2024 Books
Designed & Maintained by: LRC IMT Nagpur Contact: lrc@imtnag.ac.in© 2024. All Rights Reserved.